000 00473nam a22002057a 4500
003 UA-OsUOA
001 39582
007 ta
008 20080513b un ||||| |||| 00| 0 ukr d
090 _a09-243
_bС49
942 _cBK
040 _aUA-OsUOA
_bukr
_cUA-OsUOA
_dUA-OsUOA
245 _aСлужебник
955 _a2
041 _aukr
080 _a09-243
260 _aПетроград
_bСинодальна типографія
650 7 _2UDC
999 _c438090
_d438090